| 000 | 00520nam a2200181Ia 4500 | ||
|---|---|---|---|
| 008 | 140626s9999 xx 000 0 und d | ||
| 100 | _aGoldsmith, Kelly.. | ||
| 245 |
_aWhen guilt begets pleasure : _b the positive effect of a negative emotion / _cKelly Goldsmith ... [et al.]. |
||
| 260 | _cc2012. | ||
| 300 | _a49 : 6, page 872 | ||
| 440 | _aJournal of Marketing Research | ||
| 521 | _aBSBA | ||
| 650 | _aEmotion. | ||
| 650 | _aGuilt. | ||
| 650 | _aHedonic consumption. | ||
| 650 | _aPleasure. | ||
| 942 | _cSE | ||
| 999 |
_c121071 _d121071 |
||